Taller producción de video y radio 2012 (Record no. 12222)

MARC details
000 -LEADER
campo de control de longitud fija 00348nam a2200133Ia 4500
001 - NÚMERO DE CONTROL
campo de control 3407
008 - DATOS DE LONGITUD FIJA--INFORMACIÓN GENERAL
campo de control de longitud fija 241024s9999 xx 000 0 und d
082 ## - NÚMERO DE LA CLASIFICACIÓN DECIMAL DEWEY
Número de clasificación [*SIN CLASIFICACION*]
100 ## - ENTRADA PRINCIPAL--NOMBRE DE PERSONA
Nombre de persona UNESCO
245 #0 - MENCIÓN DEL TÍTULO
Título Taller producción de video y radio 2012
260 ## - PUBLICACIÓN, DISTRIBUCIÓN, ETC.
Nombre del editor, distribuidor, etc. Jóvenes Dominicanos
Fecha de publicación, distribución, etc. 2012
901 ## - ELEMENTOS DE DATOS A LOCAL LDA (RLIN)
a 24/10/2013 11:09:54 a.m.

No items available.

© 2024. Todos los Derechos Reservados. Desarrollado por IDEICE